000 00666cam a22002413a 4500
001 2130
003 PGUSA
005 20140828083011.0
008 000401s2000||||xxu|||||s|||||000 | eng d
040 _aPGUSA
_beng
042 _adc
050 4 _aHX
100 1 _aMore, Thomas,
_cSaint,
_d1478-1535
245 1 0 _aUtopia
_h[electronic resource] /
_cThomas, More
260 _bProject Gutenberg,
_c2000
506 _aPublic domain in the USA.
516 _aElectronic text
653 _aUtopias -- Early works to 1800
700 1 _aMorley, Henry,
_d1822-1894
830 0 _aProject Gutenberg
_v2130
856 4 0 _uhttp://www.gutenberg.org/ebooks/2130
942 _cEB
999 _c231468
_d231468